| 000 | 03548cam a2200781 i 4500 | ||
|---|---|---|---|
| 999 |
_c3455 _d3455 |
||
| 001 | 22643193 | ||
| 003 | OSt | ||
| 005 | 20240120160529.0 | ||
| 008 | 220609t20212021maua j 6 000 1 eng d | ||
| 010 | _a 2021279740 | ||
| 020 |
_a9780358325659 _q(paperback) |
||
| 035 | _a(OCoLC)on1237321102 | ||
| 040 |
_aVTL _beng _cVTL _erda _dBDX _dVAX _dLPU _dOEL _dOCLCO _dUAP _dJTH _dOCLCO _dVP@ _dOCLCF _dJQW _dOCLCO _dIEP _dNZAUC _dYDX _dLMJ _dUKMGB _dIMD _dEHH _dT3Q _dOCLCO _dTXSCH _dJTH _dOCLCO _dOCL _dOCLCQ _dOCLCO _dDLC _dKH8 |
||
| 042 | _alccopycat | ||
| 043 | _an-us--- | ||
| 082 | 0 | 4 |
_a741.5 NIS _223 |
| 100 | 1 |
_aNisson, Sam, _eauthor. |
|
| 245 | 1 | 0 |
_aPower up / _cwritten by Sam Nisson ; illustrated by Darnell Johnson. |
| 264 | 1 |
_aBoston ; _aNew York : _bEtch/Houghton Mifflin Harcourt, _c[2021] |
|
| 264 | 4 | _c©2021 | |
| 300 |
_a214 pages : _bcolor illustrations ; _c21 cm |
||
| 336 |
_atext _btxt _2rdacontent |
||
| 336 |
_astill image _bsti _2rdacontent |
||
| 337 |
_aunmediated _bn _2rdamedia |
||
| 338 |
_avolume _bnc _2rdacarrier |
||
| 520 | _a"Miles and Rhys know each other only as GRYPHON and BACKSLASH, and in the video game Mecha Melee they're an unstoppable team. They're the best friends they've got, online or in the real world. But real-life wrongdoing blasts their duo into a crater the size of Arcticon. With life online and off a complete mess and BattleCon--and the Every Game Ever tournament--just weeks away, can the boys play their way back to each other?"--Page 4 of cover | ||
| 650 | 0 |
_aVideo games _vComic books, strips, etc. |
|
| 650 | 0 |
_aVideo games _vJuvenile fiction. |
|
| 650 | 0 |
_aVideo gamers _zUnited States _vComic books, strips, etc. |
|
| 650 | 0 |
_aVideo gamers _zUnited States _vJuvenile fiction. |
|
| 650 | 0 |
_aMiddle school students _zUnited States _vComic books, strips, etc. |
|
| 650 | 0 |
_aMiddle school students _zUnited States _vJuvenile fiction. |
|
| 650 | 0 |
_aFriendship _vComic books, strips, etc. |
|
| 650 | 0 |
_aFriendship _vJuvenile fiction. |
|
| 650 | 1 |
_aVideo games _vFiction. |
|
| 650 | 1 |
_aMiddle schools _vFiction |
|
| 650 | 1 |
_aSchools _vFiction. |
|
| 650 | 1 |
_aFriendship _vFiction. |
|
| 650 | 1 | _aGraphic novels. | |
| 650 | 6 |
_aJeux vidéo _vBandes dessinées. |
|
| 650 | 6 |
_aJeux vidéo _vRomans, nouvelles, etc. pour la jeunesse. |
|
| 650 | 6 |
_aAmitié _vBandes dessinées. |
|
| 650 | 6 |
_aAmitié _vRomans, nouvelles, etc. pour la jeunesse. |
|
| 650 | 7 |
_aVideo gamers. _2fast _0(OCoLC)fst01738676 |
|
| 650 | 7 |
_aMiddle school students. _2fast _0(OCoLC)fst01020531 |
|
| 650 | 7 |
_aFriendship. _2fast _0(OCoLC)fst00935174 |
|
| 650 | 7 |
_aGraphic novels. _2fast _0(OCoLC)fst00946656 |
|
| 650 | 7 |
_aSchools. _2fast _0(OCoLC)fst01107958 |
|
| 650 | 7 |
_aVideo games. _2fast _0(OCoLC)fst01166421 |
|
| 650 | 7 |
_aFriendship _vFiction. _2sears |
|
| 650 | 7 |
_aGraphic novels. _2sears |
|
| 650 | 7 |
_aSchool stories. _2sears |
|
| 650 | 7 |
_aVideo games _vFiction. _2sears |
|
| 651 | 7 |
_aUnited States. _2fast _0(OCoLC)fst01204155 |
|
| 655 | 0 | _aJuvenile fiction. | |
| 655 | 7 |
_aSchool comics. _2fast _0(OCoLC)fst02009177 |
|
| 655 | 7 |
_aComics (Graphic works) _2fast _0(OCoLC)fst01921613 |
|
| 655 | 7 |
_aFiction. _2fast _0(OCoLC)fst01423787 |
|
| 655 | 7 |
_aJuvenile works. _2fast _0(OCoLC)fst01411637 |
|
| 655 | 7 |
_aGraphic novels. _2fast _0(OCoLC)fst01726630 |
|
| 655 | 7 |
_aGraphic novels. _2lcgft |
|
| 655 | 7 |
_aComics (Graphic works) _2lcgft |
|
| 655 | 7 |
_aSchool comics. _2lcgft |
|
| 655 | 7 |
_aBandes dessinées. _2rvmgf |
|
| 655 | 7 |
_aBandes dessinées sur l'école. _2rvmgf |
|
| 700 | 1 |
_aJohnson, Darnell, _eillustrator. |
|
| 942 |
_2ddc _cFIC |
||